000 00562nam a2200193Ia 4500
008 240729s9999 xx 000 0 und d
022 _a2502-4647
245 0 _aIJIBE (International Journal of Islamic Business Ethics)
260 _aIndonesia
260 _bFakultas Ekonomi Universitas Islam Sultan Agung
650 _a Business
650 _a Business ethics
650 _a Commerce
650 _a Islamic law | Social Sciences
650 _aLaw
856 _uhttps://doaj.org/toc/950702c325e54a7eb96aeb9711cc1992
942 _2ddc
942 _cDOAJEJ
999 _c71306
_d71306
945 _a1
_bMadushi Gamage
_c1
_dMadushi Gamage